000 00624nam a2200145Ia 4500
008 090122s9999 xx 000 0 und d
082 _b5595
_a181.4
100 _aसप्रे
_bमाधवराव
_c-
245 _aश्रीभगवतगीता रहस्य / कर्मयोग शास्त्र
600 _aसप्रे
630 _aश्रीभगवतगीता रहस्य / कर्मयोग शास्त्र
700 _aसप्रे
730 _aश्रीभगवतगीता रहस्य / कर्मयोग शास्त्र
942 _cBOOK
999 _c29673
_d29673